1626 1705 1743 1820 1703 1602 1727 1227 1711 1518 1383 1161 1661 1935 1761 1739 1581 1584 1819 1541 1835 1099 1893 1294 1085 1692 1291 1288 1766 1336 1531 1913 1517 1436 1901 1857 1119 1296 1283 1616 1403 1837 1160 1647 1347 1453 1056 1990 1863 1909 1402 1498 1722 1534 1385 1374 1458 1483 1335 1545 1112 1561 1364 1743 1977 1990 1417 1901 1281 1143 1585 1454 1728 1661 1066 1746 1204 1347 1857 1794 1741 1211 1270 1295 1546 1217 1956 1173 1608 1746 1040 1852 1798 1812 1287 1487 1389 1185 1810 BCNSPRNW ULIB Ver.6.0+V

เปลี่ยนเป็นภาษาไทย

Change to English
 แสดงรายละเอียดบรรณานุกรม
  กลับหน้าหลัก

Brief Record : Get Marc (ISO 2709) : E-mail record : QR code < ปิดหน้าต่าง
LEADER : 00000nam 2200000uu 4500
001    13399111571
003     ULIB
008    110701s||||||||th 000 0 tha d
020    9789743423406
050  4 BQ4570^bว111ธ 2551
100 0  ว.วชิรเมธี
245 10 ธรรมะพารวย /^cว.วชิรเมธี
250    พิมพ์ครั้งที่ 1
260    กรุงเทพฯ :^bอมรินทร์ธรรมะ,^c2551
300     195 หน้า :^bภาพประกอบ ;^c16 ซม.
440  0 ธรรมะประยุกต์สำหรับคนรุ่นใหม่ ;^vลำดับที่ 12
650  7 ธรรมะ (พุทธศาสนา)
945    ^p175^l0^i025222
995    ทศพร
999 ^a ใช้งานได้ทุกระบบ
รายการนี้ยังไม่มีแท็ก
คุณยังไม่ได้ล็อกอิน คุณสามารถมีกิจกรรมร่วมกับเว็บไซต์ได้ แต่ต้องล็อกอินก่อน ::
  ล็อกอิน

รายการสื่อสารสนเทศ

ลำดับที่ ประเภท เลขเรียก/บาร์โค้ด สถานที่ สถานะ
- ไม่พบข้อมูล -

รายการใกล้เคียง
    ผู้แต่ง [ว.วชิรเมธี]

    หัวเรื่อง [ธรรมะ (พุทธศาสนา)]

BibComment


ยังไม่เคยถูกคอมเมนท์

คอมเมนท์ทรัพยากรรายการนี้
  คอมเมนท์: ธรรมะพารวย ววชิร..


 Copyright 2026. Bcnsprnw @Library